000 01011nam0a2200301 i 4500
001 RU\NLR\BIBL_A\010831566
005 20240921132046.0
010 _a978751612764
_92000
021 _aRU
_b2015-57581
_93408
035 _a(NILC)RuMoRGB-007988548
035 _a(NLR Aleph) 010831566
090 _a10291367
_c10291367
100 _a20150911d2015 u y0rusy50 ca
101 1 _arus
_cger
102 _aRU
105 _ay|||z|||000yy
200 1 _aМистификатор, шпионка и тот, кто делал бомбу
_eроман
_fАлекс Капю
_gпер. с нем. Н. Федоровой
210 _aМосква
_cТекст
_d2015
215 _a251, [2] с.
_d21
675 _a821.112.2(494)
686 1 _aШ6(4Ш)167-440.4{Лх1398-50}
700 1 _7ca
_8rus
_aКапю
_bА.
_f1961-
_gАлекс
_9149054
_3RU\NLR\AUTH\770149090
801 0 _aRU
_bРГБ
_c20150731
_gRCR
942 _cBOOK
980 _aNBR